Science 6 / (Record no. 4610)
[ view plain ]
| 000 -LEADER | |
|---|---|
| fixed length control field | 00772nam a2200289 a 4500 |
| 001 - CONTROL NUMBER | |
| JCCL Control Number | 4610 |
| 003 - CONTROL NUMBER IDENTIFIER | |
| JCCL marc code | BD-JhCC |
| 005 - DATE AND TIME OF LATEST TRANSACTION | |
| control field | 20180116103154.0 |
| 008 - FIXED-LENGTH DATA ELEMENTS--GENERAL INFORMATION | |
| fixed length control field | 870917s1966 caua 001 0 eng |
| 035 ## - SYSTEM CONTROL NUMBER | |
| system control number | (BD-JhCC)4610 |
| 040 ## - CATALOGING SOURCE | |
| Original cataloging agency | BD-JhCC |
| Modifying agency | BD-JhCC |
| 041 ## - LANGUAGE CODE | |
| Language code of Book | ben |
| 082 00 - DEWEY DECIMAL CLASSIFICATION NUMBER | |
| Classification number | 500 |
| Author mark and Year | SMI 1966 |
| 100 1# - MAIN ENTRY--PERSONAL NAME | |
| Personal name | Smith, Herbert A. |
| 245 10 - TITLE STATEMENT | |
| Title | Science 6 / |
| Statement of responsibility, etc | Herbert A. Smith; Milo K. Blecha; Jhon Sternig |
| 250 ## - EDITION STATEMENT | |
| Edition statement | 2nd ed. |
| 260 ## - PUBLICATION, DISTRIBUTION, ETC. (IMPRINT) | |
| Place of publication, distribution, etc | California : |
| Name of publisher, distributor, etc | Laidlaw Brothers; |
| Date of publication, distribution, etc | 1966 |
| 300 ## - PHYSICAL DESCRIPTION | |
| Pagination | 288 p.; |
| Dimensions | 24 cm |
| Other physical details | ill; |
| 490 ## - SERIES STATEMENT | |
| Series statement | The Laidlaw Science Series |
| 650 #0 - SUBJECT ADDED ENTRY--TOPICAL TERM | |
| Topical term or geographic name as entry element | The Biological Science |
| 650 #0 - SUBJECT ADDED ENTRY--TOPICAL TERM | |
| Topical term or geographic name as entry element | The Earthspace Science |
| 650 #0 - SUBJECT ADDED ENTRY--TOPICAL TERM | |
| Topical term or geographic name as entry element | Physical Science |
| 700 1# - ADDED ENTRY--PERSONAL NAME | |
| Personal name | Belcha, Milo K. |
| 700 1# - ADDED ENTRY--PERSONAL NAME | |
| Personal name | Sternig, Jhon |
| 942 ## - ADDED ENTRY ELEMENTS (KOHA) | |
| Source of classification or shelving scheme | Dewey Decimal Classification |
| Koha item type | Books |
| Source of classification or shelving scheme | Damaged status | Not for loan | Home library | Current library | Shelving location | Date of accession | Total Checkouts | Full call number | Barcode | Date last seen | Date checked out | Copy number | Koha item type |
|---|---|---|---|---|---|---|---|---|---|---|---|---|---|
| Dewey Decimal Classification | JCC Rouf Library | JCC Rouf Library | General Stacks | 11/28/2017 | 1 | 500 SMI 1966 | 859 | 07/07/2024 | 07/01/2024 | C-1 | Books | ||
| Dewey Decimal Classification | JCC Rouf Library | JCC Rouf Library | General Stacks | 11/29/2017 | 500 SMI 1966 | 849 | 11/29/2017 | C-2 | Books | ||||
| Dewey Decimal Classification | JCC Rouf Library | JCC Rouf Library | General Stacks | 11/29/2017 | 500 SMI 1966 | 857 | 11/29/2017 | C-3 | Books | ||||
| Dewey Decimal Classification | JCC Rouf Library | JCC Rouf Library | General Stacks | 11/29/2017 | 1 | 500 SMI 1966 | 856 | 01/15/2025 | 11/18/2024 | C-4 | Books | ||
| Dewey Decimal Classification | JCC Rouf Library | JCC Rouf Library | General Stacks | 11/29/2017 | 500 SMI 1966 | 862 | 11/29/2017 | C-5 | Books | ||||
| Dewey Decimal Classification | JCC Rouf Library | JCC Rouf Library | General Stacks | 11/29/2017 | 500 SMI 1966 | 860 | 11/29/2017 | C-6 | Books | ||||
| Dewey Decimal Classification | JCC Rouf Library | JCC Rouf Library | General Stacks | 11/29/2017 | 500 SMI 1966 | 865 | 11/29/2017 | C-7 | Books | ||||
| Dewey Decimal Classification | JCC Rouf Library | JCC Rouf Library | General Stacks | 11/29/2017 | 500 SMI 1966 | 864 | 11/29/2017 | C-8 | Books | ||||
| Dewey Decimal Classification | JCC Rouf Library | JCC Rouf Library | General Stacks | 11/29/2017 | 500 SMI 1966 | 863 | 11/29/2017 | C-9 | Books | ||||
| Dewey Decimal Classification | JCC Rouf Library | JCC Rouf Library | General Stacks | 11/29/2017 | 500 SMI 1966 | 872 | 11/29/2017 | C-10 | Books | ||||
| Dewey Decimal Classification | JCC Rouf Library | JCC Rouf Library | General Stacks | 11/29/2017 | 500 SMI 1966 | 871 | 11/29/2017 | C-11 | Books | ||||
| Dewey Decimal Classification | JCC Rouf Library | JCC Rouf Library | General Stacks | 11/29/2017 | 500 SMI 1966 | 870 | 11/29/2017 | C-12 | Books | ||||
| Dewey Decimal Classification | JCC Rouf Library | JCC Rouf Library | General Stacks | 11/29/2017 | 500 SMI 1966 | 855 | 11/29/2017 | C-13 | Books | ||||
| Dewey Decimal Classification | JCC Rouf Library | JCC Rouf Library | General Stacks | 11/30/2017 | 500 SMI 1966 | 866 | 11/30/2017 | C-14 | Books | ||||
| Dewey Decimal Classification | JCC Rouf Library | JCC Rouf Library | General Stacks | 11/30/2017 | 500 SMI 1966 | 867 | 11/30/2017 | C-15 | Books | ||||
| Dewey Decimal Classification | JCC Rouf Library | JCC Rouf Library | General Stacks | 11/30/2017 | 500 SMI 1966 | 868 | 11/30/2017 | C-16 | Books | ||||
| Dewey Decimal Classification | JCC Rouf Library | JCC Rouf Library | General Stacks | 11/30/2017 | 500 SMI 1966 | 869 | 11/30/2017 | C-17 | Books | ||||
| Dewey Decimal Classification | JCC Rouf Library | JCC Rouf Library | General Stacks | 11/30/2017 | 500 SMI 1966 | 848 | 11/30/2017 | C-18 | Books | ||||
| Dewey Decimal Classification | JCC Rouf Library | JCC Rouf Library | General Stacks | 11/30/2017 | 2 | 500 SMI 1966 | 850 | 05/30/2024 | 05/29/2024 | C-19 | Books | ||
| Dewey Decimal Classification | JCC Rouf Library | JCC Rouf Library | General Stacks | 11/30/2017 | 500 SMI 1966 | 851 | 11/30/2017 | C-20 | Books | ||||
| Dewey Decimal Classification | JCC Rouf Library | JCC Rouf Library | General Stacks | 11/30/2017 | 500 SMI 1966 | 852 | 11/30/2017 | C-21 | Books | ||||
| Dewey Decimal Classification | JCC Rouf Library | JCC Rouf Library | General Stacks | 11/30/2017 | 500 SMI 1966 | 853 | 11/30/2017 | C-22 | Books | ||||
| Dewey Decimal Classification | JCC Rouf Library | JCC Rouf Library | General Stacks | 01/24/2018 | 500 SMI 1966 | 858 | 01/24/2018 | C-23 | Books |